|
|
|
|
| LEADER |
00826nam a2200265 a 4500 |
| 001 |
GR-Patra11407 |
| 003 |
GR-PaULI |
| 008 |
991022s lu 000 b eng d |
| 022 |
|
|
|a 1017-6004
|
| 040 |
|
|
|a GrPaTEI
|b gre
|c GR-PaULI
|
| 082 |
|
0 |
|a 382
|
| 245 |
0 |
0 |
|a External trade :
|b Montly statistics
|n Monthly.
|
| 260 |
|
|
|a Luxembourg :
|b EUR-OP
|
| 490 |
1 |
|
|a Eurostat ;
|v 6B
|
| 650 |
|
4 |
|a Διεθνείς σχέσεις
|
| 650 |
|
4 |
|a Εμπόριο
|
| 650 |
|
4 |
|a Συναλλαγή
|
| 710 |
0 |
|
|a EUR-OP
|
| 830 |
|
0 |
|1 00111864
|1 2001
|a Eurostat ;
|v 6B
|
| 907 |
|
|
|a .b26589229
|b 01-10-20
|c 23-09-16
|
| 942 |
|
|
|2 ddc
|c JNL
|s 1
|
| 952 |
|
|
|0 0
|1 0
|4 0
|7 0
|9 324981
|a LISK
|b LISK
|c SER
|d 2021-04-28
|e GrPaTEI
|l 0
|r 2021-04-28 00:00:00
|w 2021-04-28
|y JNL
|
| 970 |
|
|
|c patra11407
|
| 998 |
|
|
|a 24
|b 15-01-16
|c s
|d s
|e -
|f eng
|g lu
|h 0
|
| 999 |
|
|
|c 182581
|d 182581
|